| 000 | 01077nam a2200265 a 4500 | ||
|---|---|---|---|
| 001 | 11285 | ||
| 003 | BD RJUL | ||
| 005 | 20211208235111.0 | ||
| 008 | 170606s1965 nyua b 011 0 engd | ||
| 035 | _a751363 | ||
| 040 |
_aDLC _cDLC _dBD RJUL _beng |
||
| 041 | _aeng | ||
| 082 | 0 | 0 |
_223 _a547 _bROD 1965 |
| 245 | 0 | 0 |
_aRodd's Chemistry of carbon compounds : _ba modern comprehensive treatise / _cedited by S. Coffey. |
| 250 | _a2nd ed. | ||
| 260 |
_aAmsterdam ; _aNew York : _bElsevier, _c1965. |
||
| 300 |
_av. : _bill. ; _c24 cm. |
||
| 504 | _aIncludes bibliographical references and index | ||
| 505 | 0 | _aVol. 1. pt. B, Monohydric alcohols, their ethers ans esters, Sulphur analogues, Nitrogen derivatives, Organometallic compounds -- pt. C, Monocarbonyl derivates of aliphatic hydrocarbons, their analogues and derivates -- pt. D, Dihydric alcohols, their oxidation products and derivatives -- | |
| 650 | 0 |
_aChemistry, Organic. _934915 |
|
| 650 | 0 |
_aCarbon compounds. _931944 |
|
| 700 | 1 |
_aCoffey, S. _q(Samuel) _934916 |
|
| 942 |
_2ddc _cBK |
||
| 999 |
_c11285 _d11285 |
||